00971cam a22003133a 45000010005000000030006000050050017000110080041000280400015000690420007000840500007000911000030000982450065001282600029001935060073002225160020002956530026003156530036003416530027003776530024004046530039004286530023004676530027004906530017005176530033005346530021005678300028005888560041006169675PGUSA20140828083215.0060101s2006||||xxu|||||s|||||000 1 eng d aPGUSAbeng adc 4aPR1 aEliot, George,d1819-188014aThe Mill on the Flossh[electronic resource] /cGeorge Eliot bProject Gutenberg,c2006 aCopyrighted. Read the copyright notice inside this book for details. aElectronic text aPsychological fiction aBrothers and sisters -- Fiction aYoung women -- Fiction aVendetta -- Fiction aConflict of generations -- Fiction aEngland -- Fiction aWater mills -- Fiction aLove stories aLoss (Psychology) -- Fiction aDomestic fiction 0aProject Gutenbergv967540uhttp://www.gutenberg.org/ebooks/9675